| 000 | 00971nam a2200289 i 4500 | ||
|---|---|---|---|
| 001 | 000029084 | ||
| 003 | DO-SdBNP | ||
| 005 | 20250603153257.0 | ||
| 007 | ta | ||
| 008 | 110413s1980 dr 000 | spa d | ||
| 040 |
_aDO-SdBNP _bspa _cBNPHU |
||
| 041 | _aspa | ||
| 049 | _aBNPD | ||
| 082 | 4 |
_axxx _bG633a _222 |
|
| 100 | 1 |
_aGómez Gatón, Luis Manuel, _d1956- _eautor _4aut. _979772 |
|
| 245 | 1 | 0 |
_aAlgunos cambios en la comunidad campesina dominicana : _b1920-1970 / _cLuis Gómez. |
| 260 | _aSanto Domingo : | ||
| 264 | 1 |
_aSanto Domingo : _bCentro Dominicano de Investigaciones Antropológicas (CENDIA); _bUniversidad Autónoma de Santo Domingo, _c1980. |
|
| 300 |
_a44 páginas ; _c21 cm. |
||
| 336 |
_atexto _btxt _2rdacontent |
||
| 337 |
_asin mediación _bn _2rdamedia |
||
| 338 |
_avolumen _bnc _2rdacarrier |
||
| 490 | 1 |
_aCuadernos del CENDIA _v289/9 |
|
| 500 | _aIncluye notas al pie de las páginas. | ||
| 590 | _aInventariado, 2025/BT | ||
| 942 |
_2ddc _cLF2 |
||
| 999 |
_c28576 _d28576 |
||